000 00838cab a2200229 4500
001 ABS55515
008 090401t1996 xxu||||| |||| 00| 0 eng d
035 _a(Sirsi) u17078
041 _aeng
100 _aSmulian, M.
245 _aAdam Smith report hammers another nail in the present PFI system`s coffin
260 _c1996
350 _a0
490 _aSurveyor
_v183(5396) 11 July 1996, 12(1)
520 _aLooks at how a report by the Adam Smith Institute argues that the PFI needs radical reform to avoid collapse. `Winning back the future` claims one of the major obstacles is Whitehall`s lack of understanding of risk management.
650 _aADAM SMITH INSTITUTE
650 _aPFI
650 _aPRIVATE FINANCE INITIATIVE
690 _aPROPERTY-PROPERTY FINANCE AND INVESTMENT
942 _n0
948 _c04/03/1997
999 _c11317
_d11317